000 06429nam a22005777a 4500
005 2008090307237.0
008 080903t xxu||||| |||| 00| 0 eng d
010 _aB-271951-977
020 _a8183982263
_c430.00
035 _aB-271951-977
037 _aPragati Prakashan/23296/30.5.08/80/16.5.08/9.6.08/
040 _adpl
_bEnglish
082 _a530.15
100 _aRajput, B.S.
245 _aMathematical physics /
_cby B.S. Rajput
250 _a19th ed
260 _aMeerut
_bPragati Prakashan
_c2007
270 _a240, Western Kutchery Road,
_bMeerut
_e250002
300 _axxiv, 1328p.
_c24 cm (pbk)
500 _aIncludes index
650 _aMathematical physics
942 _2ddc
_cEN
_mRAJ
_h530.15
999 _c19917
_d19917